Schaum's outline of theory and problems of differential equations in si metric units / (Record no. 1258)

MARC details
000 -LEADER
fixed length control field 00977nac a22002771i 4500
003 - CONTROL NUMBER IDENTIFIER
control field EG-ScBUE
005 - DATE AND TIME OF LATEST TRANSACTION
control field 20250306100252.0
008 - FIXED-LENGTH DATA ELEMENTS--GENERAL INFORMATION
fixed length control field 250306s1972 si f 001 0 eng d
020 ## - INTERNATIONAL STANDARD BOOK NUMBER
International Standard Book Number 0070990069
020 ## - INTERNATIONAL STANDARD BOOK NUMBER
International Standard Book Number 9780070990067
040 ## - CATALOGING SOURCE
Original cataloging agency EG-ScBUE
Language of cataloging eng
Description conventions rda
Transcribing agency EG-ScBUE
Modifying agency EG-ScBUE
082 04 - DEWEY DECIMAL CLASSIFICATION NUMBER
Classification number 515.3
Item number AYR
Edition number 22
100 1# - MAIN ENTRY--PERSONAL NAME
Personal name Ayres , Frank,
Relator term author.
245 ## - TITLE STATEMENT
Title Schaum's outline of theory and problems of differential equations in si metric units /
Statement of responsibility, etc by Frank Ayres, jr, PhD, professor and head, Department of Mathematics, Dichinson College ; edited by J.C. Ault.
250 ## - EDITION STATEMENT
Edition statement First edition.
264 #1 - PUBLICATION, DISTRIBUTION, ETC. (IMPRINT)
Place of publication, distribution, etc Singapore :
Name of publisher, distributor, etc McGraw Hill,
Date of publication, distribution, etc 1972.
300 ## - PHYSICAL DESCRIPTION
Extent 295 pages ;
Dimensions 28 cm.
336 ## - CONTENT TYPE
Source rdacontent
Content type term text
Content type code txt
337 ## - MEDIA TYPE
Media type term unmediated
Source rdamedia
Media type code n
338 ## - CARRIER TYPE
Carrier type term volume
Carrier type code nc
Source rdacarrier
490 0# - SERIES STATEMENT
Series statement Schaum's outline series
500 ## - GENERAL NOTE
General note Includes index.
650 #7 - SUBJECT ADDED ENTRY--TOPICAL TERM
Topical term or geographic name as entry element Differential equations.
Source of heading or term BUEsh
655 ## - INDEX TERM--GENRE/FORM
Form subdivision Reading book
942 ## - ADDED ENTRY ELEMENTS (KOHA)
Koha item type Book - Borrowing
Source of classification or shelving scheme Dewey Decimal Classification
Holdings
Withdrawn status Lost status Source of classification or shelving scheme Damaged status Not for loan Collection code Home library Current library Shelving location Date acquired Source of acquisition Total Checkouts Total Renewals Full call number Barcode Date last seen Date checked out Price effective from Koha item type
    Dewey Decimal Classification     Baccah Central Library Central Library First floor 30/08/2006 Purchase 3 14 515.3 AYR 000003219 15/07/2025 22/02/2022 30/08/2006 Book - Borrowing
    Dewey Decimal Classification     Baccah Central Library Central Library First floor 30/08/2006 Purchase 1 1 515.3 AYR 000003218 15/07/2025 08/05/2024 30/08/2006 Book - Borrowing